Teatro in delirio

में बचाया:
ग्रंथसूची विवरण
मुख्य लेखक: Casi, Stefano
स्वरूप: पुस्तक
भाषा:अज्ञात या अवैध भाषा
प्रकाशित: Bologna il Cassero 1989
टैग: टैग जोड़ें
कोई टैग नहीं, इस रिकॉर्ड को टैग करने वाले पहले व्यक्ति बनें!

MARC

LEADER 00000nam a2200000Ia 4500
001 1
003 NUMERAZIONE-ORIGINALE-BRESCIA
005 20260206230746.0
008 260206s9999 xx 000 0 und d
100 |a Casi, Stefano 
245 0 |a Teatro in delirio 
260 |a Bologna 
260 |b il Cassero 
260 |c 1989 
500 |a numero 7 
500 |a Quaderni di Critica Omosessuale 
942 |2 ddc  |c BK  |n 0 
952 |0 0  |1 0  |2 ddc  |4 0  |6 24  |7 0  |9 28175  |a BS  |b BS  |d 2026-02-06  |i 1  |l 0  |o 2-4-*  |r 2026-02-06 22:40:30  |w 2026-02-06  |y BK 
999 |c 23883  |d 23883